Регионална библиотека "Любен Каравелов" - Русе

Отвъд полунощ (Запис номер 45194)

MARC детайли
000 -Лидер
Контролно поле с фиксирана дължина 01246nam a2200349 a 4500
003 - Код на организацията, давaща контролен номер
Контролно поле BLK
005 - Дата и час на последна редакция
Контролно поле 20250616103952.0
008 - Елементи от данни с фиксирана дължина
fixed length control field 180408b bul|||||r ||||||| ||bul||
010 ## - Наследен системен номер
LC control number KNG00048978000
020 ## - Международен стандартен номер на книга ISBN
Международен стандартен номер на книга ISBN 954-585-008-6
040 ## - Източник на каталожния запис
Идентификатор на билиотеката - собственик на записа BLK
041 ## - Код за език
Код за езика на текст/звукозапис или на отделно заглавие Български
Код за езика КДБФ Български
080 ## - УДК
Текстов определител УДК Американска литература (на САЩ)
УДК код - определител по УДК 821.111(73)
УДК определител -31
УДК - код + определител 821.111(73)-31
100 ## - Редна дума - Автор
Автор Шелдън, Сидни
R(LIN) 243637
139 ## - Редно поле
Редна дума Шелдън, Сидни
Авторски знак Шел - Ш 51
245 10 - Сведения за заглавието
Заглавие Отвъд полунощ
Подзаглавни данни Роман
Редно поле (дума) Сидни Шелдън; прев. от англ. Дафина Китанова.
257 ## - Страна на издаване
Страна на създаване/издаване Съединени американски щати
260 ## - Област на издателските данни
Място на издаване, разпространение и проч. София
Име на издателя, разпространителя и проч. Бард
Година на издаване 1999
300 ## - Физическа характеристика
Страници 382 с.
Размери/Мащаб 20 см
380 ## - Жанр
Жанр Худож. лит.
490 ## - СЕРИИ (Колекции)
Име на серия Съвременни романи
9 (RLIN) 201369
490 ## - СЕРИИ (Колекции)
Име на серия Галерия Бард
9 (RLIN) 201349
500 ## - Общи забележки
Забележка Ориг. загл. The Other Side of Midnight / Sidney Sheldon.
700 1# - Други автори (авторска отговорност)
Лично име Китанова, Дафина
Автороска отговорност (Описва отношението между автора и произведението) прев. от англ.
9 (RLIN) 365170
852 ## - Местоположение
Форматна сигнатура Цб 222932
856 4# - Електронен адрес и достъп
Електронен формат pdf - файл
856 4# - Електронен адрес и достъп
Електронен формат pdf - файл
999 ## - СИСТЕМНИ КОНТРОЛНИ НОМЕРА
Koha biblionumber 45194
Koha biblioitemnumber 45194
942 ## - АРТИКУЛИ
Вид на библиотечния материал Книги
Скрит в OPAC Не
Koha issues (borrowed), all copies 65
Периодичен библиозапис Да
944 ## - СЪЗДАВАНЕ И РЕДАКЦИЯ на ЗАПИСА
Създаване/Редакция Създаване
Дата на регистрацията/редакция 23.03.2005
Статус, дата на статуса Русанова Ирена
Служител, извършил регистрацията/редакцията 30542
944 ## - СЪЗДАВАНЕ И РЕДАКЦИЯ на ЗАПИСА
Създаване/Редакция Редакция
Дата на регистрацията/редакция 18.11.2016
Статус, дата на статуса ф /
Служител, извършил регистрацията/редакцията Людмила_Стоянова
999 ## - СИСТЕМНИ КОНТРОЛНИ НОМЕРА
Koha biblioitemnumber 45194
Наличности
Код за отписване Код за изгубен артикул Код за повреда Коз за рестрикции Код за отдаване Артикулен № Име на библиотеката - собственик Име на библиотеката, в която се намира в момента Статус (Текущо местоположение) Дата на вписване в системата Местоположение - отдел Цена в лева Инвентарен номер Систематично азбучна сигнатура Баркод Номер на екземпляра Цена в евро Служебна бележка Служебен тип на артикула Източник на класификационната схема
  Не е изгубен Не е повреден без рестрикции ползва се в читалня 71165 Регионална библиотека "Любен Каравелов" Русе Регионална библиотека "Любен Каравелов" Русе Хранилище 2013-03-01 Основен фонд - ползва се само за читалня 0.00 120000764571 Цб 222932 120000764571 1 0.00 Дост: DA Вид: А N: 3 Дата: 01.03.2013 Книги  
  Не е изгубен Не е повреден без рестрикции заемане за дома 71166 Регионална библиотека "Любен Каравелов" Русе Регионална библиотека "Любен Каравелов" Русе Заемна - подръчен фонд 2016-11-08 Заемна - подръчен фонд 8.00 120000805468 П 820(73)-31/Ш 51 120000805468 2 4.09 Дост: DA Вид: А N: 39 Дата: 08.11.2016 Дата инв: 26.02.2018 Бележки инв: П2018 Книги Universal Decimal Classification
  Не е изгубен Не е повреден без рестрикции заемане за дома 855165 Регионална библиотека "Любен Каравелов" Русе Регионална библиотека "Любен Каравелов" Русе Заемна - подръчен фонд 2021-09-24 Заемна - подръчен фонд 4.99   821-31/Ш 51 С 120000859906   2.55   Книги Universal Decimal Classification
Vip Innovations Ltd, Rousse, Bulgaria 2025